000
00180 a2200097 4500
020
_a
9781490037660
041
_a
spa
100
_a
Lori Odea
245
_a
Las tres tenas
942
_c
K
999
_c
27554
_d
27554